000 00452nam a2200169 i 4500
001 82125
003 ES-MaACL
005 20230906174615.0
007 t|
008 041123q1827 gw ||||1| ger d
080 _a821.112.2-14"18"
100 1 _aHeine, Heinrich.
_962371
245 1 0 _aBuch der Lieder /
_cvon Heinrich Heine.
260 _aBerlin :
_bS. Fischer,
_c[1827?]
300 _a250 p. ;
_c14 cm.
852 _aES-MaACL
_jR-1671
_x Olim: F-703
999 _c82125
_d82125